000 00433nas a2200181 a 4500
001 161069
003 256047
005 20241107160626.0
008 181213e2018 ck ||||||||| 000 0 spa d
040 _aCO-BoESAP
_bspa
_cCO-BoESAP
041 _aspa
245 0 _aSemana - No.1910 (9-16 dic.2018)
260 _aBogotá :
_c2018.
562 _e11
773 _016112
_aSemana
942 _cSISS
_2ddc
999 _c161069
_d161069